书目信息 |
| 题名: |
岭南城市更新商业街整体化设计研究
|
|
| 作者: | 朱伟鹏 编著 | |
| 分册: | ||
| 出版信息: | 广州 暨南大学出版社 2021.12 |
|
| 页数: | 248页 | |
| 开本: | 25cm | |
| 丛书名: | ||
| 单 册: | ||
| 中图分类: | TU984.13 | |
| 科图分类: | ||
| 主题词: | 商业街--shang ye jie--建筑设计--研究--广州 | |
| 电子资源: | ||
| ISBN: | 978-7-5668-3317-4 | |
| 000 | 01373nam0 2200253 450 | |
| 001 | 26703 | |
| 005 | 20220920151231.15 | |
| 010 | @a978-7-5668-3317-4@dCNY69.80 | |
| 100 | @a20220711d2021 em y0chiy50 ea | |
| 101 | 0 | @achi |
| 102 | @aCN@b440000 | |
| 105 | @aab a 000yy | |
| 200 | 1 | @a岭南城市更新商业街整体化设计研究@Aling nan cheng shi geng xin shang ye jie zheng ti hua she ji yan jiu@d= Commercial street integration design of urban renewal in Lingnan city@f朱伟鹏 ... 等编著@zeng |
| 210 | @a广州@c暨南大学出版社@d2021.12 | |
| 215 | @a248页@c图, 地图@d25cm | |
| 304 | @a题名页题其余责任者: 李颍怡, 侯文熹, 王飞, 吴海涛, 曾令歆 | |
| 320 | @a有书目 (第246-248页) | |
| 330 | @a本书对以广州为代表的岭南城市商业街街景设计的历史、现状与未来模式进行研究, 对商业街街景的设计特色、成果表达、管理文件架构等进行分析和探讨。通过对“格迪斯”规划、因子叠加、“五位一体”等街景改造模式的探讨, 展望未来商业步行街街景数字化设计, 整体化设计模式的内涵与前景。最后, 研究建立城市更新商业街街景设计要素数据库, 对未来城市更新商业街街景进行标准化、整体化设计研究, 以建立初步的数字化设计模型。 | |
| 510 | 1 | @aCommercial street integration design of urban renewal in Lingnan city@zeng |
| 606 | 0 | @a商业街@Ashang ye jie@x建筑设计@x研究@y广州 |
| 690 | @aTU984.13@v5 | |
| 701 | 0 | @a朱伟鹏@Azhu wei peng@4编著 |
| 801 | 0 | @aCN@c20220910 |
| 905 | @a河南城建学院图书馆@dTU984.13@eZ880@f2 | |
| 岭南城市更新商业街整体化设计研究= Commercial street integration design of urban renewal in Lingnan city/朱伟鹏 ... 等编著.-广州:暨南大学出版社,2021.12 |
| 248页:图, 地图;25cm |
| ISBN 978-7-5668-3317-4:CNY69.80 |
| 本书对以广州为代表的岭南城市商业街街景设计的历史、现状与未来模式进行研究, 对商业街街景的设计特色、成果表达、管理文件架构等进行分析和探讨。通过对“格迪斯”规划、因子叠加、“五位一体”等街景改造模式的探讨, 展望未来商业步行街街景数字化设计, 整体化设计模式的内涵与前景。最后, 研究建立城市更新商业街街景设计要素数据库, 对未来城市更新商业街街景进行标准化、整体化设计研究, 以建立初步的数字化设计模型。 |
| ● |
| 相关链接 |
|
|
|
正题名:岭南城市更新商业街整体化设计研究
索取号:TU984.13/Z880
 
预约/预借
| 序号 | 登录号 | 条形码 | 馆藏地/架位号 | 状态 | 备注 |
| 1 | 1578067 | 215780670 | 建筑库201/201建筑库 93排1列1层/ [索取号:TU984.13/Z880] | 在馆 | |
| 2 | 1578068 | 215780689 | 建筑库201/201建筑库 93排1列1层/ [索取号:TU984.13/Z880] | 在馆 |